Portugal (Registo nº 199105)

Detalhes MARC
000 -Etiqueta do registo
Valores 00554nam 22001693 4500
100 ## - Dados gerais de processamento
Dados gerais 20251118d u||y0pory50 ba
200 ## - Titulo e menção de responsabilidade
Título próprio Portugal
Informação de outro título o sistema político e constitucional 1974-87
Primeira menção de responsabilidade coordenador Mário Baptista Coelho
210 ## - Publicação
Local de publicação Lisboa
Nome do editor Instituto de Ciências Sociais, Universidade de Lisboa
Data de publicação D.L. 1989
215 ## - Descrição física 
Paginação / Volumes 1044 p.
Outras indicações físicas brochado
Dimensões 23 cm
606 ## - Nome comum usado como assunto
ID Autoridade 1246
Palavra de ordem Política
675 ## - CDU
Notação 32
Edição PT
Língua por
702 ## - Autor secundário (pessoa individual)
ID Autoridade 5999
Apelido Coelho
Nome Mário
Datas 1936-
801 ## - Fonte de origem
País PT
Agência BMMN
Regras de catalogação RPC
830 ## - Notas gerais do catalogador
Criado por Fernando
Indexado por Fernando
990 ## - Elementos KOHA
Tipo de documento Livro
Exemplares
Situação do levantamento Biblioteca de origem Código de barras Cota Permissão de empréstimo Tipo de documento Forma de aquisição
  Biblioteca Municipal de Montemor-o-Novo 27856 32 POR|DEP   Livro Compra

Powered by Koha